Viage de España (Record no. 162434)

MARC details
000 -LEADER
campo de control de longitud fija 01420nam a2200217 i 4500
001 - NÚMERO DE CONTROL
campo de control 162434
003 - IDENTIFICADOR DE NÚMERO DE CONTROL
campo de control ES-MaACL
005 - FECHA Y HORA DE LA ÚLTIMA TRANSACCIÓN
campo de control 20250811063158.0
008 - DATOS DE LONGITUD FIJA--INFORMACIÓN GENERAL
campo de control de longitud fija 931025s1781 sp a |||| | spa d
040 ## - FUENTE DE CATALOGACIÓN
Centro catalogador/agencia de origen PAB
Lengua de catalogación spa
Centro/agencia transcriptor PAB
100 1# - ENTRADA PRINCIPAL--NOMBRE DE PERSONA
Nombre de persona Ponz, Antonio,
Fechas asociadas al nombre 1725-1792
9 (RLIN) 93069
245 10 - MENCIÓN DEL TÍTULO
Título Viage de España
Resto del título : en que se da noticia de las cosas mas apreciables y dignas de saberse que hay en ella /
Mención de responsabilidad, etc. su autor D. Antonio Ponz... ; tomo decimo.
260 ## - PUBLICACIÓN, DISTRIBUCIÓN, ETC.
Lugar de publicación, distribución, etc. Madrid :
Nombre del editor, distribuidor, etc. por D. Joachin Ibarra...,
Fecha de publicación, distribución, etc. 1781.
300 ## - DESCRIPCIÓN FÍSICA
Extensión [2], XLV, 280 p., [2] h de grab cal , [4] h. de grab. cal. ;
Dimensiones 8º (16 cm)
596 ## - NOTA AL PIE DE IMPRENTA
NOTA AL PIE DE IMPRENTA Marca de imp. en port.
597 ## - NOTA DE DESCRIPCIÓN FÍSICA
NOTA DE DESCRIPCIÓN FÍSICA Sign.: a-c8, A-R8, S4.
599 ## - NOTA A LAS ILUSTRACIONES
NOTA A LAS ILUSTRACIONES Las h. de grab. calc., dos de ellas firmadas, una "I Barcelo lo grabó", retrato de Íñigo López de Mendoza, y la otra, "Rod. Sculp.s", representando el Palacio de San Ildefonso, planta de los jadines, el Álcazar de Segovia y el Acueducto de dicha ciudad.
651 #4 - PUNTO DE ACCESO ADICIONAL DE MATERIA--NOMBRE GEOGRÁFICO
Nombre geográfico Segovia (Provincia)-
Subdivisión general Descripción.
9 (RLIN) 153440
852 ## - LOCALIZACIÓN
Ubicación ES-MaACL
Número de control de estantería R-468-85
Nota libre -- Enc. piel, no original de la época
Encuadernación -- Edic.: el resto de las hh. de grab. calc. pleg.: "Planta de los jardines y palacio del Real Sitio de San Ildefonso", "Vista del acueducto de Segovia por la Plaza del Azoguejo" y otra h. de grab. calc. alegórica, común a todos los tomos, con la leyenda "Multa renascentur"
-- Olim: F-12859-76
Holdings
Estatus retirado Estado de pérdida Estado de daño No para préstamo Colección Biblioteca de origen Biblioteca actual Ubicación en estantería Fecha de adquisición Total de préstamos Signatura topográfica completa Código de barras Visto por última vez Precio de reemplazo Tipo de ítem Koha
        Libros del s. XVIII Biblioteca del Ateneo de Madrid Biblioteca del Ateneo de Madrid Depósito 17/01/2008   R-468-85 1170171 23/02/2023 23/02/2023 Libro impreso antiguo